000 00423nam a2200157 i 4500
001 32978
003 ES-MaACL
005 20230906154655.0
007 t|
008 030131s1929 fr ||||1| fre d
100 1 _aBernard, Jean-Jacques.
_928242
245 1 3 _aLes roman de Martine /
_cJean-Jacques Bernard.
260 _aParis :
_b[s.n.,
_c1929] (
_fBellemand)
300 _a188 p. ;
_c19 cm.
852 _aES-MaACL
_jB-12545
999 _c32978
_d32978